Aladdin [

Bibliographic Details
Format: Book
Published: s.l : The Walt Disney Company , 19-
Series:Walt Disney version
Subjects:

MARC

LEADER 00000cam a2200000 7i4500
001 0000005964
002 000006440
005 20021014.0
020 |a 000006440 
090 0 0 |a JF   |b ALA 
245 1 0 |a Aladdin [  |h video recording] 
260 |a s.l :   |b The Walt Disney Company ,   |c 19- 
300 |a 1 Video recording VHS (91 minutes) :   |b col.(PAL) 
490 0 |a Walt Disney version 
500 |a Library has 1 copy 
650 0 0 |a Cartoon and carricatures 
999 |a 00167   |b VIDEO   |c JUNIOR FICTION   |e PERPUSTAKAAN KOMUNITI PETALING JAYA